Album histórico (Registro nro. 302722)
[ vista simple ]
| 000 -ENCABEZADO | |
|---|---|
| Número de control [NR] | 01368nam a22002657a 4500 |
| 005 - FECHA Y HORA DE LA ÚLTIMA TRANSACCIÓN | |
| control field | 20170901083803.0 |
| 008 - DE LONGITUD FIJA DE DATOS DE ELEMENTOS - INFORMACIÓN GENERAL | |
| Elementos de longitud fija [NR] | 160216s1921 pe a|||fr|||| 001 0 mul d |
| 040 ## - FUENTE DE CATALOGACION [NR] | |
| Quien Cataloga | Sandra Yazo |
| Quien Clasifica | Sandra Yazo |
| 041 0# - CODIGO DE IDIOMA [R] | |
| Código de idioma para texto/pista de sonido o título separado [R] | Español |
| -- | Italiano |
| 082 04 - NUMERO DE CLASIFICACION DECIMAL DEWEY [R] | |
| Número de la edición [NR] | 20 |
| Número de clasificación [R] | 918.85 |
| 092 ## - SIGNATURA TOPOGRAFICA LOCAL | |
| Número de clasificación local | E38N051 |
| 100 1# - ASIENTO PRINCIPAL--NOMBRE PERSONAL [NR] | |
| Nombre personal [NR] | Belli, Carlos |
| ID Autoridad | 87052 |
| 245 00 - MENCION DE TITULO [NR] | |
| Título [NR] | Album histórico |
| Parte restante del título [NR] | Civilización Nazca-Perú edad de bronce |
| Mención de responsabilidad, etc. [NR] | Carlos Belli |
| 260 ## - PUBLICACION, DISTRIBUCION, ETC. (PIE DE IMPRENTA) [R] | |
| Lugar de publicación, distribución, etc. [R] | Lima (Perú) |
| Nombre del editor, distribuidor, etc. [R] | Empresa Gráfica A. Giagone |
| Fecha de publicación, distribución, etc. [R] | 1921 |
| 300 ## - DESCRIPCION FISICA [R] | |
| Extensión [R] | 24 páginas, 21 láminas |
| Otros detalles físicos [NR] | ilustraciones |
| Dimensiones [R] | 22 x 27 cm. |
| 500 ## - NOTA GENERAL [R] | |
| Nota general [NR] | Detalles físicos: Encuadernación rígida en cartón forrado en tela. Tapas y lomo con texto impreso en negro. Guardas. Portada impresa en una sola tinta con ilustración decorativa. Mapa de Perú. Texto impreso en una sola tinta, enmarcado en un recuadro. Láminas al final del texto, de excelente calidad. Tapas con manchas de suciedad y bordes deteriorados. Autor tomado de la "Coincidencia de las tradiciones" |
| 505 0# - NOTA DE CONTENIDO CON FORMATO PREESTABLECIDO [R] | |
| Nota de contenido con formato preestablecido [NR] | Al lector ; Coincidencias de las tradiciones ; Nota del autor ; 21 láminas |
| 506 ## - NOTA DE RESTRICCIONES DE ACCESO [R] | |
| Condiciones de acceso [NR] | Consulta en sala |
| 546 ## - NOTA DE IDIOMA [R] | |
| Nota de idioma [NR] | Texto en español y en italiano |
| 650 #7 - ASIENTO SECUNDARIO DE MATERIA - TERMINO TEMATICO [R] | |
| 9 (RLIN) | 9470 |
| Término temático o nombre geográfico como elemento de entrada [NR] | Arte e historia |
| Subdivisión geográfica [R] | Perú |
| 650 #7 - ASIENTO SECUNDARIO DE MATERIA - TERMINO TEMATICO [R] | |
| 9 (RLIN) | 10991 |
| Término temático o nombre geográfico como elemento de entrada [NR] | Civilizaciones |
| Subdivisión general [R] | Historia |
| Subdivisión geográfica [R] | Perú |
| 650 #7 - ASIENTO SECUNDARIO DE MATERIA - TERMINO TEMATICO [R] | |
| Término temático o nombre geográfico como elemento de entrada [NR] | Civilización Nazca |
| Subdivisión geográfica [R] | Perú |
| 9 (RLIN) | 75520 |
| 690 ## - ASUNTO AGREGADO LOCAL DE ENTRADA - TÉRMINO TEMÁTICO (OCLC, RLIN) | |
| Acceso temático local | Historia de América |
| 9 (RLIN) | 16931 |
| 942 ## - ELEMENTOS DE ENTRADA AGREGADOS (KOHA) | |
| Sistema de clasificación | LOCAL |
| Tipo de ítem principal el descrito en 300a | Libro |
| Edición | 1 |
| Clasificación | E38N051 |
| Suprimido | Perdido | Sistema de clasificación | Dañado | No prestable | Tipo de ítem específico | Ubicación habitual | Ubicación actual | Localización | Fecha de creación | Forma de adquisición | Costo | Total préstamos | Signatura topográfica | Código de barras | Última vez visto | Ejemplar | Price effective from | Tipo de ítem |
|---|---|---|---|---|---|---|---|---|---|---|---|---|---|---|---|---|---|---|
| LOCAL | Libro archivo | Archivo Histórico | Archivo Histórico | Archivo histórico | 16/02/2016 | Donación | 0.00 | E38N051 | L005362 | 16/02/2016 | Ej.1 | 16/02/2016 | Libro |